000 00422nam a2200157 i 4500
001 72611
003 ES-MaACL
005 20230906171506.0
007 t|
008 040902s1915 xxu ||||1| eng d
100 1 _aGjerset, Knut.
_957383
245 1 0 _aHistory of the Norwegian people /
_cby Knut Gjerset.
260 _aNew York :
_bMacmillan Company,
_c1915.
300 _a2 v. ;
_c23 cm.
852 _aES-MaACL
_jF-1427-28
999 _c72611
_d72611